[Event "BL2 Sued 1617 (Women)"]
[Site "Germany"]
[Date "2016.10.22"]
[Round "1.1"]
[White "Nguyen Minh, Thuy"]
[Black "Liez, Franziska"]
[Result "1/2-1/2"]
[WhiteElo "1955"]
[BlackElo "1836"]
[PlyCount "134"]
[EventDate "2016.10.22"]
[EventType "team-tourn"]
[EventRounds "7"]
[EventCountry "GER"]
[SourceTitle "EXT 2018"]
[Source "ChessBase"]
[SourceDate "2017.10.13"]
[SourceVersion "1"]
[SourceVersionDate "2017.10.13"]
[SourceQuality "1"]
[WhiteTeam "Niederwiesa (W)"]
[BlackTeam "Langen (W)"]
[WhiteTeamCountry "GER"]
[BlackTeamCountry "GER"]

1. e4 e5 2. Bc4 Nc6 3. Nf3 Bc5 4. d3 Nf6 5. c3 0-0 6. b4 Be7 7. 0-0 d6 8. Qb3 h6 9. Nh4 d5 10. exd5 Nxd5 11. Bxd5 Bxh4 12. f4 Ne7 13. Bc4 exf4 14. Rxf4 Nf5 15. Qd1 Bg5 16. Rf3 Bd7 17. Qf1 Nd6 18. Bd5 c6 19. Bb3 Bxc1 20. Qxc1 Qh4 21. Qf1 Rae8 22. Nd2 Be6 23. Rf4 Qh5 24. Re1 Bxb3 25. axb3 Rxe1 26. Qxe1 Re8 27. Qf1 Qe2 28. Rf2 Qe5 29. Nc4 Nxc4 30. bxc4 Qxc3 31. Re2 Rxe2 32. Qxe2 Qc1+ 33. Kf2 Qf4+ 34. Kg1 Qd4+ 35. Kf1 Qd7 36. Qe3 b6 37. Kf2 Kf8 38. d4 Qf5+ 39. Kg1 Qb1+ 40. Kf2 Qxb4 41. Qe5 a5 42. Qb8+ Ke7 43. Qc7+ Kf6 44. Qxc6+ Kg5 45. Qd5+ f5 46. c5 Qd2+ 47. Kf1 bxc5 48. Qxc5 Qf4+ 49. Kg1 Qe3+ 50. Kf1 a4 51. Qc4 Qf4+ 52. Kg1 a3 53. Qb4 Qe3+ 54. Kf1 a2 55. h4+ Kxh4 56. d5+ Kg5 57. Qb2 Qd3+ 58. Kf2 Qb1 59. Qxg7+ Kf4 60. Qxh6+ Ke4 61. Qe6+ Kd4 62. Qf6+ Kxd5 63. Qd8+ Kc4 64. Qc7+ Kb3 65. Qb6+ Kc2 66. Qc5+ Kb2 67. Qd4+ Kc2 1/2-1/2

[Event "BL 1516 (Women)"]
[Site "Germany"]
[Date "2015.09.26"]
[Round "1.4"]
[White "Nguyen Minh, Thuy"]
[Black "Papp, Petra"]
[Result "0-1"]
[WhiteElo "2016"]
[BlackElo "2286"]
[PlyCount "84"]
[EventDate "2015.09.26"]
[EventType "team-tourn"]
[EventRounds "11"]
[EventCountry "GER"]
[SourceTitle "CBM 168 Extra"]
[Source "ChessBase"]
[SourceDate "2015.10.29"]
[SourceVersion "1"]
[SourceVersionDate "2015.10.29"]
[SourceQuality "1"]
[WhiteTeam "Niederwiesa (W)"]
[BlackTeam "Schwaebisch Hall (W)"]
[WhiteTeamCountry "GER"]
[BlackTeamCountry "GER"]

1. e4 c5 2. Nf3 d6 3. d4 cxd4 4. Nxd4 Nf6 5. Nc3 a6 6. Be3 e5 7. Nb3 Be7 8. h3 0-0 9. Qd2 Be6 10. 0-0-0 a5 11. Bb5 Na6 12. g4 Nc7 13. Qe2 Nxb5 14. Qxb5 Bd7 15. Qd3 a4 16. Nd2 a3 17. b3 Be6 18. Nf1 Rc8 19. Ng3 g6 20. Bh6 Re8 21. f4 Qa5 22. Nce2 exf4 23. Bxf4 d5 24. Bd2 Qc7 25. Nd4 dxe4 26. Nxe4 Bd5 27. Nc3 Bxh1 28. Rxh1 Red8 29. Rf1 Qd7 30. Ncb5 Nd5 31. Qf3 Bf8 32. Kb1 Bg7 33. c4 Nc7 34. Bc3 Nxb5 35. Nxb5 Bxc3 36. Nxc3 Qd3+ 37. Qxd3 Rxd3 38. Nd5 Kg7 39. Nf4 Rd2 40. g5 Rb2+ 41. Ka1 Re8 42. h4 Rf2 0-1

[Event "BL2 Ost 1415 (Women)"]
[Site "Germany"]
[Date "2014.11.30"]
[Round "4.2"]
[White "Neumeyer, Hannelore"]
[Black "Nguyen Minh, Thuy"]
[Result "1/2-1/2"]
[WhiteElo "1965"]
[BlackElo "1981"]
[PlyCount "32"]
[EventDate "2014.09.27"]
[EventType "team-tourn"]
[EventRounds "7"]
[EventCountry "GER"]
[SourceTitle "CBM 166 Extra"]
[Source "ChessBase"]
[SourceDate "2015.06.18"]
[SourceVersion "1"]
[SourceVersionDate "2015.06.18"]
[SourceQuality "1"]
[WhiteTeam "Leipzig Lindenau (W)"]
[BlackTeam "Niederwiesa (W)"]
[WhiteTeamCountry "GER"]
[BlackTeamCountry "GER"]

1. d4 e6 2. e4 d5 3. c4 dxe4 4. Nc3 Nf6 5. f3 c5 6. d5 exd5 7. cxd5 Bd6 8. Bg5 h6 9. Bxf6 Qxf6 10. Qa4+ Bd7 11. Qxe4+ Be5 12. Bd3 g6 13. Nge2 0-0 14. Qe3 Re8 15. Ne4 Qg7 16. Qd2 Kh7 1/2-1/2

[Event "BL2 Ost 1415 (Women)"]
[Site "Germany"]
[Date "2014.09.27"]
[Round "1.2"]
[White "Nguyen Minh, Thuy"]
[Black "Khuong, Thi Hong Nhung"]
[Result "1-0"]
[WhiteElo "1981"]
[BlackElo "2040"]
[PlyCount "109"]
[EventDate "2014.09.27"]
[EventType "team-tourn"]
[EventRounds "7"]
[EventCountry "GER"]
[SourceTitle "CBM 166 Extra"]
[Source "ChessBase"]
[SourceDate "2015.06.18"]
[SourceVersion "1"]
[SourceVersionDate "2015.06.18"]
[SourceQuality "1"]
[WhiteTeam "Niederwiesa (W)"]
[BlackTeam "Berlin Empor (W)"]
[WhiteTeamCountry "GER"]
[BlackTeamCountry "GER"]

1. e4 c5 2. Nf3 d6 3. d4 cxd4 4. Nxd4 Nf6 5. Nc3 e6 6. Be2 Nc6 7. Be3 Be7 8. 0-0 0-0 9. Kh1 Nxd4 10. Qxd4 b6 11. Bg5 Bb7 12. f4 Ne8 13. Bxe7 Qxe7 14. Rad1 Rc8 15. Rd2 f5 16. exf5 Rxf5 17. Bg4 Ba6 18. Bxf5 Bxf1 19. Qe4 Kf8 20. Qxe6 Qxe6 21. Bxe6 Rc5 22. Ne4 Rc7 23. b3 Ke7 24. Bd5 Ba6 25. Kg1 h6 26. Kf2 Nf6 27. Nxf6 gxf6 28. c4 Kf8 29. a4 Bc8 30. Be4 f5 31. Bf3 Ke7 32. Kg3 Be6 33. Kh4 a6 34. h3 b5 35. axb5 axb5 36. cxb5 Rc5 37. b6 Rb5 38. b7 Rxb3 39. Rc2 d5 40. Rc7+ Kd6 41. Rh7 d4 42. Rh8 Kc7 43. Rxh6 Bd7 44. Rh8 d3 45. b8Q+ Rxb8 46. Rxb8 Kxb8 47. Bd1 Kc7 48. Kg5 Kd6 49. Kf6 Bc6 50. g4 fxg4 51. hxg4 Bd5 52. g5 d2 53. g6 Bg8 54. f5 Bd5 55. Kg7 1-0

[Event "Dresden ZMD op-B 23rd"]
[Site "Dresden"]
[Date "2014.08.18"]
[Round "4"]
[White "Herbrig, Marie Helen"]
[Black "Nguyen Minh, Thuy"]
[Result "0-1"]
[WhiteElo "1698"]
[BlackElo "1972"]
[PlyCount "176"]
[EventDate "2014.08.15"]
[EventType "swiss"]
[EventRounds "9"]
[EventCountry "GER"]
[SourceTitle "EXT 2024"]
[Source "ChessBase"]
[SourceDate "2023.10.10"]
[SourceVersion "1"]
[SourceVersionDate "2023.10.10"]
[SourceQuality "1"]

1. d4 Nf6 2. c4 e6 3. Nc3 Bb4 4. Qc2 c5 5. a3 cxd4 6. axb4 dxc3 7. bxc3 Qc7 8. e4 d6 9. Be3 b6 10. Bd3 Ng4 11. Bf4 h6 12. Nf3 e5 13. Bc1 Be6 14. 0-0 0-0 15. Qe2 Nd7 16. Rd1 a5 17. Ba3 Rfc8 18. Nd2 Nf8 19. Rf1 Ng6 20. g3 Nf6 21. f4 exf4 22. gxf4 Bh3 23. Rf2 Bg4 24. Qe3 Bd7 25. Qg3 Nh5 26. Qe3 Nf6 27. Qd4 Ng4 28. Rf3 Re8 29. b5 d5 30. cxd5 Qd8 31. h3 Qh4 32. e5 N4xe5 33. fxe5 Qg5+ 34. Kh1 Nxe5 35. Rf2 Nxd3 36. Rg2 Qe5 37. Qxd3 Bf5 38. Qf3 Rad8 39. d6 Qxb5 40. Rf1 Bg6 41. c4 Qd7 42. h4 Re5 43. Qg4 Qc6 44. Nf3 Re4 45. Qg3 Qxc4 46. Rfg1 Qd5 47. Rd2 Qf5 48. Nd4 Qf6 49. Nf3 Re3 50. Bb2 Qxf3+ 51. Qxf3 Rxf3 52. Kh2 h5 53. Re1 Rxd6 54. Re8+ Kh7 55. Rxd6 Rf2+ 56. Kg3 Rxb2 57. Rb8 b5 58. Rd5 Rb3+ 59. Kf2 Rb2+ 60. Kg3 Rb3+ 61. Kf2 Rh3 62. Rdxb5 Rxh4 63. Rxa5 Rc4 64. Raa8 Be4 65. Rh8+ Kg6 66. Ra5 f5 67. Ra6+ Kg5 68. Rg8 Rc7 69. Ra1 Kf4 70. Rh8 Rc2+ 71. Kg1 Rg2+ 72. Kf1 Rh2 73. Ra3 g5 74. Kg1 Rh1+ 75. Kf2 g4 76. Rh6 h4 77. Rg6 g3+ 78. Ke2 g2 79. Kf2 Rf1+ 80. Ke2 g1Q 81. Rxg1 Rxg1 82. Rc3 Rg3 83. Rc8 h3 84. Rh8 Rg2+ 85. Kf1 h2 86. Rh4+ Kg3 87. Rh8 Rg1+ 88. Ke2 h1Q 0-1

[Event "Dresden ZMD op-B 23rd"]
[Site "Dresden"]
[Date "2014.08.16"]
[Round "2"]
[White "Wong, Gengchun"]
[Black "Nguyen Minh, Thuy"]
[Result "1-0"]
[WhiteElo "1758"]
[BlackElo "1972"]
[PlyCount "103"]
[EventDate "2014.08.15"]
[EventType "swiss"]
[EventRounds "9"]
[EventCountry "GER"]
[SourceTitle "EXT 2024"]
[Source "ChessBase"]
[SourceDate "2023.10.10"]
[SourceVersion "1"]
[SourceVersionDate "2023.10.10"]
[SourceQuality "1"]

1. e4 e6 2. d4 d5 3. Nd2 h6 4. c3 Nf6 5. e5 Nfd7 6. Bd3 c5 7. Ne2 Nc6 8. 0-0 Qb6 9. Nf3 g5 10. h3 Be7 11. b3 Qc7 12. Re1 b6 13. a3 Bb7 14. Bd2 0-0-0 15. b4 c4 16. Bc2 Rdg8 17. Nh2 h5 18. Ng3 g4 19. hxg4 hxg4 20. Bf4 Bg5 21. Bxg5 Rxg5 22. Nxg4 Qd8 23. Qf3 Qg8 24. Nf6 Nxf6 25. Qxf6 Nb8 26. Qf3 Qg7 27. Kf1 Kd7 28. Ke2 Nc6 29. Rh1 Nxe5 30. dxe5 Rxe5+ 31. Kf1 Rxh1+ 32. Nxh1 Bc6 33. Rd1 Ke7 34. Ng3 Qh8 35. Re1 Rxe1+ 36. Kxe1 Qe5+ 37. Qe3 Qf6 38. Nf5+ Kd7 39. Nd4 e5 40. Qh3+ Kc7 41. Nxc6 Qxc6 42. Qf5 f6 43. Qh7+ Kb8 44. Qg8+ Kb7 45. Qf7+ Kb8 46. Qf8+ Kb7 47. Qe7+ Kb8 48. Qd8+ Kb7 49. Bf5 d4 50. Qd7+ Qxd7 51. Bxd7 a6 52. b5 1-0

[Event "BL2 Ost 1314 (Women)"]
[Site "Germany"]
[Date "2014.03.09"]
[Round "7.2"]
[White "Nguyen Minh, Thuy"]
[Black "Troyke, Doreen"]
[Result "1/2-1/2"]
[WhiteElo "1975"]
[BlackElo "2104"]
[PlyCount "47"]
[EventDate "2013.11.30"]
[EventType "team-tourn"]
[EventRounds "7"]
[EventCountry "GER"]
[SourceTitle "EXT 2018"]
[Source "ChessBase"]
[SourceDate "2017.10.13"]
[SourceVersion "1"]
[SourceVersionDate "2017.10.13"]
[SourceQuality "1"]
[WhiteTeam "Chemnitz Aufbau (W)"]
[BlackTeam "Erfurt Medizin (W)"]
[WhiteTeamCountry "GER"]
[BlackTeamCountry "GER"]

1. e4 c5 2. Nf3 Nc6 3. d4 cxd4 4. Nxd4 e5 5. Nb5 d6 6. N1c3 a6 7. Na3 b5 8. Nd5 Nce7 9. c4 Nxd5 10. Qxd5 Be6 11. Qc6+ Bd7 12. Qd5 Nf6 13. Qd3 bxc4 14. Qxc4 d5 15. exd5 Bxa3 16. bxa3 Qa5+ 17. Bd2 Qxd5 18. Qxd5 Nxd5 19. Rb1 0-0 20. Bc4 Be6 21. Bb3 Rfc8 22. 0-0 Nc3 23. Bxc3 Rxc3 24. Rfe1 1/2-1/2

[Event "BL2 Ost 1314 (Women)"]
[Site "Germany"]
[Date "2014.02.16"]
[Round "5.2"]
[White "Beltz, Martina"]
[Black "Nguyen Minh, Thuy"]
[Result "1-0"]
[WhiteElo "2090"]
[BlackElo "1975"]
[PlyCount "87"]
[EventDate "2013.11.30"]
[EventType "team-tourn"]
[EventRounds "7"]
[EventCountry "GER"]
[SourceTitle "EXT 2018"]
[Source "ChessBase"]
[SourceDate "2017.10.13"]
[SourceVersion "1"]
[SourceVersionDate "2017.10.13"]
[SourceQuality "1"]
[WhiteTeam "Leipzig SG (W)"]
[BlackTeam "Chemnitz Aufbau (W)"]
[WhiteTeamCountry "GER"]
[BlackTeamCountry "GER"]

1. d4 e6 2. Nf3 c5 3. e3 Nf6 4. Bd3 b6 5. 0-0 Bb7 6. b3 Be7 7. Bb2 0-0 8. Nbd2 d6 9. Qe2 Nbd7 10. Rfd1 Ne8 11. e4 cxd4 12. Nxd4 Bf6 13. c4 Ne5 14. N2f3 Ng6 15. Qe3 Qe7 16. Rd2 Nc7 17. Rad1 Rfd8 18. Ba3 Qe8 19. Bc2 Be7 20. h3 Qf8 21. Bb2 Rac8 22. Nh2 h6 23. Nhf3 Bf6 24. Ba3 Be7 25. Ne2 d5 26. Bxe7 Nxe7 27. cxd5 exd5 28. e5 Ne6 29. Qd3 g6 30. h4 Qg7 31. Qe3 Rc7 32. Ned4 Nxd4 33. Nxd4 Nc6 34. Nb5 Re7 35. f4 Nb4 36. Qd4 Nxc2 37. Rxc2 g5 38. Nd6 Qg6 39. f5 Qh7 40. Rc3 gxh4 41. Qxh4 Rdd7 42. Qg4+ Kf8 43. f6 Re6 44. Nxb7 1-0

[Event "GER-chT U20 Girls"]
[Site "Osnabrueck"]
[Date "2013.12.30"]
[Round "7.1"]
[White "Nguyen Minh, Thuy"]
[Black "Manusina, Nicole"]
[Result "1/2-1/2"]
[WhiteElo "2011"]
[BlackElo "1814"]
[PlyCount "45"]
[EventDate "2013.12.27"]
[EventType "team-swiss"]
[EventRounds "7"]
[EventCountry "GER"]
[SourceTitle "EXT 2015"]
[Source "ChessBase"]
[SourceDate "2014.11.20"]
[SourceVersion "1"]
[SourceVersionDate "2014.11.20"]
[SourceQuality "1"]
[WhiteTeam "Chemnitz"]
[BlackTeam "Lehrte"]
[WhiteTeamCountry "GER"]
[BlackTeamCountry "GER"]

1. e4 c5 2. Nf3 e6 3. d4 cxd4 4. Nxd4 Nf6 5. Nc3 Nc6 6. Ndb5 Bb4 7. a3 Bxc3+ 8. Nxc3 d5 9. exd5 exd5 10. Bd3 0-0 11. 0-0 h6 12. Bf4 d4 13. Ne4 Nxe4 14. Bxe4 Qf6 15. Qd2 Bf5 16. Rae1 Rfe8 17. Qd3 Bxe4 18. Rxe4 Rxe4 19. Qxe4 Qe7 20. Qf3 Rd8 21. Qg3 Kh8 22. Qb3 Qd7 23. Re1 1/2-1/2

[Event "GER-chT U20 Girls"]
[Site "Osnabrueck"]
[Date "2013.12.29"]
[Round "6.1"]
[White "Nguyen Minh, Thuy"]
[Black "Kuehnel, Lena"]
[Result "1/2-1/2"]
[WhiteElo "2011"]
[BlackElo "1930"]
[PlyCount "69"]
[EventDate "2013.12.27"]
[EventType "team-swiss"]
[EventRounds "7"]
[EventCountry "GER"]
[SourceTitle "EXT 2015"]
[Source "ChessBase"]
[SourceDate "2014.11.20"]
[SourceVersion "1"]
[SourceVersionDate "2014.11.20"]
[SourceQuality "1"]
[WhiteTeam "Chemnitz"]
[BlackTeam "Dortmund"]
[WhiteTeamCountry "GER"]
[BlackTeamCountry "GER"]

1. e4 e5 2. Nf3 Nc6 3. Bc4 Nf6 4. d3 Bc5 5. c3 d6 6. 0-0 a6 7. Bb3 0-0 8. Re1 Ba7 9. Nbd2 Ne7 10. Nf1 Ng6 11. Ng3 Be6 12. Bc2 h6 13. h3 c6 14. d4 Qc7 15. Nf5 Rfe8 16. N3h4 Nxh4 17. Nxh4 Rad8 18. Re3 d5 19. exd5 exd4 20. cxd4 Rxd5 21. Rd3 Red8 22. Be3 c5 23. Bb3 c4 24. Qc1 b5 25. Bxh6 Bxd4 26. Bxg7 Kxg7 27. Rxd4 Rxd4 28. Qg5+ Kf8 29. Qxf6 cxb3 30. Ng6+ Ke8 31. Qh8+ Kd7 32. Qxd4+ Ke8 33. Qh8+ Kd7 34. Qd4+ Ke8 35. Qh8+ 1/2-1/2

[Event "GER-chT U20 Girls"]
[Site "Osnabrueck"]
[Date "2013.12.28"]
[Round "3.1"]
[White "Nguyen Minh, Thuy"]
[Black "Endress, Anna"]
[Result "1/2-1/2"]
[WhiteElo "2011"]
[BlackElo "2136"]
[PlyCount "88"]
[EventDate "2013.12.27"]
[EventType "team-swiss"]
[EventRounds "7"]
[EventCountry "GER"]
[SourceTitle "EXT 2015"]
[Source "ChessBase"]
[SourceDate "2014.11.20"]
[SourceVersion "1"]
[SourceVersionDate "2014.11.20"]
[SourceQuality "1"]
[WhiteTeam "Chemnitz"]
[BlackTeam "Schott Mainz"]
[WhiteTeamCountry "GER"]
[BlackTeamCountry "GER"]

1. e4 c5 2. Nc3 e6 3. Nf3 a6 4. d4 cxd4 5. Nxd4 Nc6 6. Be2 Qc7 7. 0-0 b5 8. Nxc6 dxc6 9. f4 b4 10. Nb1 Nf6 11. Bf3 Bc5+ 12. Kh1 Bb7 13. Bd2 a5 14. e5 Nd5 15. Qe1 0-0 16. Be4 f5 17. Bd3 Qb6 18. Rf3 Rab8 19. Rh3 Bf2 20. Qd1 g6 21. Bc1 Rfd8 22. Qe2 Bd4 23. Qe1 a4 24. Qh4 Rd7 25. Nd2 a3 26. Nc4 Qc5 27. Rb1 Ba6 28. Nd2 axb2 29. Nb3 bxc1Q+ 30. Rxc1 Qb6 31. Bxa6 Be3 32. Re1 Qxa6 33. Rhxe3 Qxa2 34. R3e2 Qa7 35. Qg3 Nc3 36. Re3 Rbd8 37. h4 Ne4 38. Qf3 Kg7 39. Kh2 c5 40. Rxe4 fxe4 41. Rxe4 c4 42. Rxc4 Rd1 43. Nc5 Kf7 44. Qg4 Qa1 1/2-1/2

[Event "BL2 Ost 1314 (Women)"]
[Site "Germany"]
[Date "2013.12.01"]
[Round "2.2"]
[White "Nguyen Minh, Thuy"]
[Black "Denkert, Anna"]
[Result "1-0"]
[WhiteElo "1975"]
[BlackElo "1608"]
[PlyCount "63"]
[EventDate "2013.11.30"]
[EventType "team-tourn"]
[EventRounds "7"]
[EventCountry "GER"]
[SourceTitle "EXT 2018"]
[Source "ChessBase"]
[SourceDate "2017.10.13"]
[SourceVersion "1"]
[SourceVersionDate "2017.10.13"]
[SourceQuality "1"]
[WhiteTeam "Chemnitz Aufbau (W)"]
[BlackTeam "Berlin Empor (W)"]
[WhiteTeamCountry "GER"]
[BlackTeamCountry "GER"]

1. e4 e5 2. Bc4 Nf6 3. d3 Bc5 4. Nf3 d6 5. c3 Be6 6. Bb5+ c6 7. Ba4 0-0 8. 0-0 Nbd7 9. Re1 Qc7 10. Qe2 Bg4 11. Nbd2 d5 12. Nf1 d4 13. Bc2 Rad8 14. h3 Bxf3 15. Qxf3 b5 16. Ng3 dxc3 17. bxc3 b4 18. c4 Bd4 19. Rb1 Qa5 20. Bb3 Nc5 21. Bg5 Nxd3 22. Bxf6 gxf6 23. Nh5 Rfe8 24. Qxf6 Kf8 25. c5 Rd7 26. Ng7 Bxf2+ 27. Kh2 Bh4 28. Qh6 Ke7 29. Qxh4+ Kf8 30. Qxh7 Red8 31. Qh8+ Ke7 32. Nf5# 1-0

[Event "GER-chT U20 Girls"]
[Site "Osnabrueck"]
[Date "2012.12.29"]
[Round "6.1"]
[White "Endress, Anna"]
[Black "Nguyen Minh, Thuy"]
[Result "1-0"]
[WhiteElo "2143"]
[BlackElo "1976"]
[PlyCount "59"]
[EventDate "2012.12.27"]
[EventType "team-swiss"]
[EventRounds "7"]
[EventCountry "GER"]
[SourceTitle "EXT 2014"]
[Source "ChessBase"]
[SourceDate "2013.11.20"]
[SourceVersion "1"]
[SourceVersionDate "2013.11.20"]
[SourceQuality "1"]
[WhiteTeam "Schott Mainz"]
[BlackTeam "Chemnitz USG"]
[WhiteTeamCountry "GER"]
[BlackTeamCountry "GER"]

1. e4 e6 2. Nf3 d5 3. Nc3 Nf6 4. e5 Nfd7 5. d4 c5 6. dxc5 Nc6 7. Bf4 Be7 8. Bg3 Nxc5 9. Bd3 a6 10. 0-0 0-0 11. Re1 Qb6 12. Rb1 Nxd3 13. cxd3 f6 14. Na4 Qb4 15. a3 Qa5 16. b4 Qd8 17. exf6 Rxf6 18. d4 Rg6 19. Rb2 h5 20. Qd3 Rh6 21. h4 Bd7 22. Nc5 Bxc5 23. bxc5 Qc8 24. Rd2 Ne7 25. Re5 Qc6 26. Bf4 Rg6 27. Rxh5 Rf8 28. Ne5 Qb5 29. Qxb5 axb5 30. Bg5 1-0

[Event "GER-chT U20 Girls"]
[Site "Osnabrueck"]
[Date "2011.12.27"]
[Round "2.1"]
[White "Nguyen Minh, Thuy"]
[Black "Wilke, Tabea"]
[Result "1-0"]
[WhiteElo "1973"]
[BlackElo "1148"]
[PlyCount "52"]
[EventDate "2011.12.27"]
[EventType "team-swiss"]
[EventRounds "7"]
[EventCountry "GER"]
[SourceTitle "CBM 146 Extra"]
[Source "ChessBase"]
[SourceDate "2012.02.29"]
[SourceVersion "1"]
[SourceVersionDate "2012.02.29"]
[SourceQuality "1"]
[WhiteTeam "Chemnitz USG (W)"]
[BlackTeam "Hattersheim (W)"]
[WhiteTeamCountry "GER"]
[BlackTeamCountry "GER"]

1. e4 c5 2. Nf3 Nc6 3. d4 cxd4 4. Nxd4 Nf6 5. Nc3 e5 6. Ndb5 d6 7. Bg5 a6 8. Na3 Be6 9. Nc4 b5 10. Ne3 Qa5 11. Bxf6 gxf6 12. Bd3 Bg7 13. 0-0 Ne7 14. a3 Rb8 15. Be2 Qd8 16. Qd3 Qd7 17. Rfd1 Rd8 18. a4 f5 19. axb5 fxe4 20. Nxe4 d5 21. Nc5 e4 22. Qa3 Qc8 23. bxa6 d4 24. Nb7 Nd5 25. Bb5+ Rd7 26. Nd6+ Kd8 1-0

[Event "BL 1112 (Women)"]
[Site "Germany"]
[Date "2011.12.18"]
[Round "5.6"]
[White "Straub, Natalia"]
[Black "Nguyen Minh, Thuy"]
[Result "1-0"]
[WhiteElo "2205"]
[BlackElo "1957"]
[PlyCount "125"]
[EventDate "2011.10.29"]
[EventType "team-tourn"]
[EventRounds "11"]
[EventCountry "GER"]
[SourceTitle "EXT 2013"]
[Source "ChessBase"]
[SourceDate "2012.11.22"]
[SourceVersion "1"]
[SourceVersionDate "2012.11.22"]
[SourceQuality "1"]
[WhiteTeam "Halle Volksbank (W)"]
[BlackTeam "Rodewisch (W)"]
[WhiteTeamCountry "GER"]
[BlackTeamCountry "GER"]

1. d4 Nf6 2. c4 e6 3. g3 d5 4. Nf3 Be7 5. Bg2 0-0 6. 0-0 c6 7. Qc2 dxc4 8. Qxc4 b5 9. Qc2 Bb7 10. Nbd2 Qb6 11. Nb3 Na6 12. Bd2 b4 13. Rac1 Qb5 14. Qc4 Rac8 15. Ne5 Nd5 16. Qxb5 cxb5 17. Na5 Ba8 18. Nac6 Rc7 19. e4 Nb6 20. Nxe7+ Rxe7 21. b3 f6 22. Nc6 Rd7 23. Be3 Rc8 24. Na5 Rdc7 25. Rxc7 Rxc7 26. Rc1 Rc3 27. Bd2 Rd3 28. Be3 Rc3 29. Bd2 Rd3 30. Be3 Rc3 31. Kf1 Kf7 32. Ke2 Rxc1 33. Bxc1 f5 34. f3 Ke7 35. Ke3 Kf7 36. Bf1 Nc7 37. Bd2 a6 38. Kd3 fxe4+ 39. fxe4 Ne8 40. Bxb4 Nf6 41. Bg2 Nbd7 42. Bd2 e5 43. b4 exd4 44. Kxd4 h6 45. Nb3 Ke7 46. Bf4 Bc6 47. Nd2 g5 48. Be3 Ng4 49. h4 Nxe3 50. Kxe3 Ne5 51. hxg5 hxg5 52. Kd4 Kd6 53. Nf3 Nf7 54. Bh3 Bb7 55. e5+ Ke7 56. Ne1 Nh6 57. Ke3 g4 58. Bf1 Ke6 59. Kf4 Bd5 60. a3 Nf7 61. Nd3 Bc4 62. Nc5+ Ke7 63. Bg2 1-0

[Event "Oberliga Ost-A 1112"]
[Site "Germany"]
[Date "2011.09.25"]
[Round "1.7"]
[White "Rothe, Guido"]
[Black "Nguyen Minh, Thuy"]
[Result "1-0"]
[WhiteElo "2170"]
[BlackElo "1962"]
[PlyCount "97"]
[EventDate "2011.09.25"]
[EventType "team-tourn"]
[EventRounds "11"]
[EventCountry "GER"]
[SourceTitle "EXT 2013"]
[Source "ChessBase"]
[SourceDate "2012.11.22"]
[SourceVersion "1"]
[SourceVersionDate "2012.11.22"]
[SourceQuality "1"]
[WhiteTeam "Magdeburg Aufbau Elbe"]
[BlackTeam "Chemnitz"]
[WhiteTeamCountry "GER"]
[BlackTeamCountry "GER"]

1. c4 e5 2. Nc3 Nf6 3. g3 Nc6 4. Bg2 d6 5. Nf3 Bg4 6. h3 Bh5 7. b4 Qd7 8. b5 Nd8 9. d4 exd4 10. Nxd4 Be7 11. 0-0 0-0 12. Qc2 Bg6 13. e4 d5 14. cxd5 Bb4 15. Nce2 Re8 16. f3 Ba5 17. Qc4 Bb6 18. Kh2 Rc8 19. Bb2 h5 20. h4 Qe7 21. Nf4 Bh7 22. Bh3 Ra8 23. Nf5 Bxf5 24. Bxf5 a6 25. Qc3 axb5 26. d6 Qxd6 27. e5 b4 28. exd6 bxc3 29. Bxc3 cxd6 30. Rfd1 Bc5 31. Bxf6 gxf6 32. Nxh5 Re2+ 33. Kh3 Raxa2 34. Rxa2 Rxa2 35. Nxf6+ Kg7 36. Ne8+ Kf8 37. Nxd6 b6 38. Ne4 Nc6 39. Nxc5 bxc5 40. Rc1 Nd4 41. Kg4 Ra4 42. f4 Ra3 43. Rxc5 Ne2 44. Be4 Rxg3+ 45. Kf5 Re3 46. Bd5 Rh3 47. Kf6 Ke8 48. Bxf7+ Kd8 49. Be6 1-0

[Event "EU-ch U18 Girls"]
[Site "Albena"]
[Date "2011.09.19"]
[Round "8"]
[White "Nguyen Minh, Thuy"]
[Black "De Seroux, Camille"]
[Result "0-1"]
[WhiteElo "1957"]
[BlackElo "2057"]
[PlyCount "130"]
[EventDate "2011.09.11"]
[EventType "swiss"]
[EventRounds "9"]
[EventCountry "BUL"]
[SourceTitle "CBM 144 Extra"]
[Source "ChessBase"]
[SourceDate "2011.10.28"]
[SourceVersion "1"]
[SourceVersionDate "2011.10.28"]
[SourceQuality "1"]

1. e4 c5 2. Nf3 d6 3. d4 cxd4 4. Nxd4 Nf6 5. Nc3 Nc6 6. Bg5 Qb6 7. Nb3 e6 8. Qd2 Be7 9. Be2 0-0 10. 0-0 Rd8 11. Rad1 d5 12. exd5 Nxd5 13. Bxe7 Ndxe7 14. Qg5 f6 15. Qh4 Nf5 16. Qc4 Nd6 17. Qh4 Ne5 18. Qd4 Qxd4 19. Rxd4 Nef7 20. Rfd1 e5 21. R4d2 Bf5 22. Nd5 Kf8 23. g4 Bd7 24. c4 Rac8 25. Ne3 Be6 26. Rc2 b6 27. Nd2 Ng5 28. Kg2 Bf7 29. Nf3 Ne6 30. Rcd2 Nf4+ 31. Kf1 Nb7 32. b3 h5 33. Nh4 Nxe2 34. Kxe2 hxg4 35. Nxg4 Bh5 36. h3 Rxd2+ 37. Rxd2 Nc5 38. Ke3 Ne6 39. Rd7 Nf4 40. Rxa7 Rd8 41. f3 Rd3+ 42. Ke4 Rd4+ 43. Ke3 Rd3+ 44. Ke4 Rd4+ 45. Ke3 Nxh3 46. Nf5 Rf4 47. Nxg7 Bxg4 48. fxg4 Rxg4 49. Ne6+ Kg8 50. Rb7 f5 51. Rxb6 Rg3+ 52. Ke2 f4 53. Nxf4 exf4 54. Rf6 Kg7 55. Rf5 f3+ 56. Ke3 f2+ 57. Kd4 Rg1 58. a4 f1Q 59. Rxf1 Rxf1 60. a5 Nf4 61. b4 Ra1 62. c5 Kf7 63. c6 Ke7 64. Kc4 Kd6 65. Kb5 Nd5 0-1

[Event "EU-ch U18 Girls"]
[Site "Albena"]
[Date "2011.09.15"]
[Round "5"]
[White "Perera Borrego, Mariela"]
[Black "Nguyen Minh, Thuy"]
[Result "1-0"]
[WhiteElo "2080"]
[BlackElo "1957"]
[PlyCount "75"]
[EventDate "2011.09.11"]
[EventType "swiss"]
[EventRounds "9"]
[EventCountry "BUL"]
[SourceTitle "CBM 144 Extra"]
[Source "ChessBase"]
[SourceDate "2011.10.28"]
[SourceVersion "1"]
[SourceVersionDate "2011.10.28"]
[SourceQuality "1"]

1. d4 Nf6 2. Nf3 e6 3. e3 b6 4. Bd3 Bb7 5. 0-0 Be7 6. c4 c5 7. Nc3 d5 8. cxd5 exd5 9. b3 Nbd7 10. Bb2 0-0 11. dxc5 bxc5 12. Rc1 Rc8 13. Na4 Nb6 14. Bxf6 Bxf6 15. Nxc5 Ba8 16. Bf5 Rc7 17. Nd4 g6 18. Bh3 Qe7 19. Nd3 Rxc1 20. Nxc1 Bg7 21. Nce2 f5 22. Qd2 Re8 23. Rc1 Nc8 24. Qa5 Be5 25. g3 Bd6 26. Bg2 Bb4 27. Qc7 Qf8 28. Nc6 Bxc6 29. Qxc6 Ne7 30. Bxd5+ Kh8 31. Qc4 Ba3 32. Qd4+ Qg7 33. Qxg7+ Kxg7 34. Rc7 Rd8 35. Bc4 Rd1+ 36. Kg2 a5 37. Nc3 Rd2 38. Nb1 1-0